The wide window / (Record no. 1988)

MARC details
000 -LEADER
fixed length control field 00839nam a22002297a 4500
005 - DATE AND TIME OF LATEST TRANSACTION
control field 20230327052501.0
008 - FIXED-LENGTH DATA ELEMENTS--GENERAL INFORMATION
fixed length control field 230327b |||||||| |||| 00| 0 eng d
020 ## - INTERNATIONAL STANDARD BOOK NUMBER
International Standard Book Number 0-439-27262-9
082 ## - DEWEY DECIMAL CLASSIFICATION NUMBER
Classification number Fic. Sn672w 2000
100 ## - MAIN ENTRY--PERSONAL NAME
Personal name Snicket, Lemony
Relator term author
245 ## - TITLE STATEMENT
Title The wide window /
Statement of responsibility, etc. Lemony Snicket; illustrated by Brett Helquist
260 ## - PUBLICATION, DISTRIBUTION, ETC.
Place of publication, distribution, etc. New York:
Name of publisher, distributor, etc. Scholastic,
Date of publication, distribution, etc. c2000
300 ## - PHYSICAL DESCRIPTION
Extent 214p.:
Other physical details ill.
490 ## - SERIES STATEMENT
Series statement Unfortunate events series; book 3
541 ## - IMMEDIATE SOURCE OF ACQUISITION NOTE
Accession number 5525
650 ## - SUBJECT ADDED ENTRY--TOPICAL TERM
Topical term or geographic name entry element Baudelaire, Klaus (Fictitious character) - Juvenile fiction
650 ## - SUBJECT ADDED ENTRY--TOPICAL TERM
Topical term or geographic name entry element Baudelaire, Sunny (Fictitious character) - Juvenile fiction
650 ## - SUBJECT ADDED ENTRY--TOPICAL TERM
Topical term or geographic name entry element Baudelaire, Violet (Fictitious character) - Juvenile fiction
650 ## - SUBJECT ADDED ENTRY--TOPICAL TERM
Topical term or geographic name entry element Orphans - Juvenile fiction
650 ## - SUBJECT ADDED ENTRY--TOPICAL TERM
Topical term or geographic name entry element Brothers and sisters - Juvenile fiction
700 ## - ADDED ENTRY--PERSONAL NAME
Personal name Helquist, Brett
Relator term illustrator
Holdings
Withdrawn status Lost status Source of classification or shelving scheme Damaged status Not for loan Home library Current library Date acquired Total Checkouts Full call number Barcode Date last seen Copy number Price effective from Koha item type
    Dewey Decimal Classification     ctu-moalboal ctu-moalboal 12/03/2018   Fic. Sn672w 2000 5525 03/27/2023 1 03/27/2023 Books-Fiction